01119nam a22002894a 4500001001200000003000800012006001900020007001500039008004100054010001700095020003600112040002100148035002100169050002500190082001800215100002900233245007900262250001200341260005900353300001500412504005100427533015200478650002700630655002900657710001700686856012600703ebr10392990CaPaEBRm u cr cn|||||||||031022s2004 miu sb 001 0 eng  z 2003063390 z0472113666 (cloth : alk. paper) aCaPaEBRcCaPaEBR a(OCoLC)65524153614aHD58.8b.P576 2004eb04a658.4/0632221 aPlatt, Harlan D.,d1950-10aPrinciples of corporate renewalh[electronic resource] /cHarlan D. Platt. a2nd ed. aAnn Arbor, MI :bUniversity of Michigan Press,cc2004. axx, 404 p. aIncludes bibliographical references and index. aElectronic reproduction.bPalo Alto, Calif. :cebrary,d2013.nAvailable via World Wide Web.nAccess may be limited to ebrary affiliated libraries. 0aCorporate turnarounds. 7aElectronic books.2local2 aebrary, Inc.40uhttp://site.ebrary.com/lib/rucke/Doc?id=10392990zAn electronic book accessible through the World Wide Web; click to view